[Event "9th Beirut Open 2017"]
[Site "Beirut"]
[Date "2017.10.03"]
[Round "5"]
[White "Koniahli, Malek"]
[Black "Ward, Serge"]
[Result "1-0"]
[WhiteElo "2086"]
[BlackElo "1730"]
[Annotator "NA RC"]
[PlyCount "69"]
[EventDate "2017.??.??"]
[EventCountry "LBN"]
[SourceTitle "playchess.com"]
[Source "ChessBase"]
[SourceQuality "1"]
[TimeControl "5400+30"]

1. d4 Nf6 2. Nf3 g6 3. Bg5 Bg7 4. Nc3 h6 5. Bf4 d6 6. e4 Nbd7 7. Qd2 g5 8. Bg3 Nh5 9. O-O-O Nxg3 10. hxg3 e5 11. dxe5 Nxe5 12. Bb5+ Bd7 13. Nxe5 Bxb5 14. Nxb5 Bxe5 15. f4 Bf6 16. e5 dxe5 17. Qc3 Qe7 18. Nxc7+ Kf8 19. Nxa8 exf4 20. Qa3 Qxa3 21. bxa3 Kg7 22. Nc7 fxg3 23. Rd7 Be5 24. Nd5 Kg6 25. Rf1 f6 26. Ne7+ Kh5 27. Rh1+ Kg4 28. Ng6 Bf4+ 29. Nxf4 gxf4 30. Rd4 Kg5 31. Rf1 Re8 32. Kd2 Re3 33. Rdxf4 Rxa3 34. Rxf6 Rxa2 35. R6f3 1-0

[Event "9th Beirut Open 2017"]
[Site "Beirut"]
[Date "2017.10.03"]
[Round "5"]
[White "Moudallal, Tarek"]
[Black "Berbari, Imad"]
[Result "0-1"]
[WhiteElo "2062"]
[BlackElo "1680"]
[Annotator "NA RC"]
[PlyCount "60"]
[EventDate "2017.??.??"]
[EventCountry "LBN"]
[SourceTitle "playchess.com"]
[Source "ChessBase"]
[SourceQuality "1"]
[TimeControl "5400+30"]

1. d4 g6 2. e4 Bg7 3. Nc3 c5 4. d5 d6 5. Be2 Nf6 6. h3 O-O 7. Nf3 b5 8. Bxb5 Nxe4 9. Nxe4 Qa5+ 10. Nc3 Bxc3+ 11. bxc3 Qxb5 12. Nd2 Ba6 13. c4 Qa4 14. O-O Nd7 15. Re1 Rfe8 16. Re4 Nf6 17. Re3 Qd7 18. Bb2 Rab8 19. Bc3 Qa4 20. Qf3 Qd7 21. Rae1 Nh5 22. g4 Ng7 23. Rxe7 Rxe7 24. Qf6 Rxe1+ 25. Kh2 Re5 26. Bxe5 dxe5 27. Qxa6 f5 28. f3 h5 29. Qxg6 hxg4 30. hxg4 Rb6 0-1

[Event "9th Beirut Open 2017"]
[Site "Beirut"]
[Date "2017.10.03"]
[Round "5"]
[White "Shamieh, Jamal"]
[Black "Bedrosian, Danielle"]
[Result "1-0"]
[WhiteElo "2046"]
[BlackElo "1696"]
[Annotator "NA RC"]
[PlyCount "63"]
[EventDate "2017.??.??"]
[EventCountry "LBN"]
[SourceTitle "playchess.com"]
[Source "ChessBase"]
[SourceQuality "1"]
[TimeControl "5400+30"]

1. d4 b6 2. Nf3 Bb7 3. g3 e6 4. Bg2 d6 5. O-O Nd7 6. c4 g6 7. Nc3 Bg7 8. Bg5 Ne7 9. e4 h6 10. Be3 O-O 11. Qd2 Kh7 12. h3 Rb8 13. Ne1 f5 14. Nd3 e5 15. dxe5 Nxe5 16. Nxe5 dxe5 17. Rad1 a6 18. Qxd8 Rfxd8 19. exf5 Bxg2 20. fxg6+ Nxg6 21. Kxg2 e4 22. Nd5 Bxb2 23. Nxc7 Rxd1 24. Rxd1 Ne5 25. c5 bxc5 26. Nxa6 Ra8 27. Nxc5 Rxa2 28. Nxe4 Ra4 29. Nf6+ Kg6 30. Nd7 Nf7 31. Nc5 Rc4 32. Nd3 1-0

[Event "9th Beirut Open 2017"]
[Site "Beirut"]
[Date "2017.10.03"]
[Round "5"]
[White "Novikova, Margarita"]
[Black "Kotanjian, Tigran"]
[Result "1/2-1/2"]
[WhiteElo "2004"]
[BlackElo "2475"]
[Annotator "TA"]
[PlyCount "119"]
[EventDate "2017.??.??"]
[EventCountry "LBN"]
[SourceTitle "playchess.com"]
[Source "ChessBase"]
[SourceQuality "1"]

{[%evp 18,119,62,71,116,33,114,96,111,62,66,67,79,77,93,93,83,71,75,20,20,25,28,8,10,9,9,0,19,9,33,0,0,0,-8,-5,0,0,0,-37,-40,-41,-45,-32,-35,-61,0,-88,-91,-98,-104,-87,-80,-98,-19,-40,-25,-35,-36,-26,-27,-70,-44,-106,-8,-8,-8,-8,-8,-8,-8,-10,0,0,0,0,0,0,0,0,0,0,0,0,0,0,0,0,0,0,0,0,0,0,0,0,0,0,0,0,0,0,0,0]} 1. d4 Nf6 2. c4 g6 3. Nc3 Bg7 4. e4 d6 5. Nf3 O-O 6. Be2 Bg4 7. h3 Bxf3 8. Bxf3 Nc6 9. d5 {E91: King's Indian: Classical: 6 Be2, unusual replies including 6...c5 and 6...Bg4} Na5 (9... Ne5 10. Be2 c6 11. Be3 cxd5 12. exd5 Rc8 13. Qb3 Qa5 14. O-O Nfd7 15. Qxb7 Rb8 16. Qxa7 Qxa7 17. Bxa7 Rxb2 {½-½ (72) Savchenko,B (2540)-Ajrapetjan,Y (2502) St Petersburg 2012}) 10. Be2 {LiveBook: 3 Games} Nd7 11. Qc2 ({White should play} 11. Bd2 $16) 11... c5 $146 (11... c6 $1 $14) ({Predecessor:} 11... c6 12. O-O Rc8 13. Be3 a6 14. Rac1 Ne5 15. Na4 c5 16. b3 e6 {0-1 (64) Karnaukh,A (2242)-Ianov,V (2361) Kiev 2010}) 12. b3 e6 13. Bb2 exd5 14. exd5 Re8 15. O-O b6 16. Rae1 Nb7 17. Bd3 Qh4 18. Qd1 (18. Kh2 $16) 18... Bd4 $11 19. Na4 Rxe1 20. Qxe1 Ne5 21. Be2 Re8 {Hoping for ...Nf3+!} 22. Qd1 Qf6 23. Bxd4 cxd4 24. f4 Nd7 {[%cal Be5d7,Bd7f6,Bf6h5][%mdl 32]} 25. b4 Qe7 $36 {[%mdl 2048] Black fights for an advantage.} 26. Bd3 Qe3+ 27. Kh2 $1 Nf6 28. Rf3 Qe1 29. Qxe1 Rxe1 30. Rf1 Re3 31. Nb2 Nh5 (31... Kg7 $15) 32. Rf2 (32. g4 $11 Ng3 33. Rf2) 32... f5 $17 33. g4 {[#]} fxg4 $1 34. hxg4 Nf6 35. Rg2 Nd8 (35... Rf3 $17 36. Re2 Rxf4) 36. Bc2 $1 $11 Nf7 37. g5 Nh5 38. Nd3 Kg7 39. Rf2 h6 (39... Ng3 {keeps more tension.} 40. Nb2 Ra3 41. Kg2 Rxa2 42. Kxg3 Rxb2 43. b5 h6) 40. c5 (40. Rg2 $15) 40... dxc5 (40... hxg5 $17 41. fxg5 Nxg5 42. cxd6 Nf6) 41. bxc5 {The position is equal.} hxg5 42. fxg5 bxc5 43. Nxc5 Nxg5 {White must now prevent ...Nf6.} 44. d6 Ne6 45. d7 {And now Nxe6+ would win.} Nd8 46. Bb3 {aiming for Rf7+!} Nf6 {Threatens to win with ...Ng4+.} 47. Rf4 Re2+ 48. Kh3 Re5 (48... d3 {is more complex.} 49. Rd4 d2 50. Ne6+ Rxe6 51. Bxe6 Nxe6 52. Rxd2 Nd8) 49. Ne6+ $1 Rxe6 50. Bxe6 Nxe6 {[#]} 51. Rxd4 $1 {[%mdl 512]} Nd8 (51... Nxd4 52. d8=Q) 52. Ra4 Kf7 53. Rxa7 Ke7 54. Kh4 Ne6 55. Ra3 (55. a4 {looks sharper.} Nxd7 56. a5 Kd6 57. Ra6+ Ke5 58. Kg3) 55... g5+ 56. Kg3 Nxd7 57. Re3 Ndc5 58. Kg4 Kf6 59. Rf3+ Kg6 60. Re3 {Precision: White = 58%, Black = 46%.} 1/2-1/2

[Event "9th Beirut Open 2017"]
[Site "Beirut"]
[Date "2017.10.03"]
[Round "5"]
[White "Altorky, Amer"]
[Black "Gevorgyan, Maria"]
[Result "1-0"]
[WhiteElo "1940"]
[BlackElo "2262"]
[Annotator "TA"]
[PlyCount "65"]
[EventDate "2017.??.??"]
[EventCountry "LBN"]
[SourceTitle "playchess.com"]
[Source "ChessBase"]
[SourceQuality "1"]

{[%evp 20,65,15,8,15,12,34,35,20,16,18,29,14,0,56,39,62,63,74,68,61,74,73,65,250,235,241,243,239,137,231,225,231,226,574,573,535,411,407,395,390,326,350,339,347,325,29998,29999]} 1. e4 e5 2. Nf3 Nf6 3. Nxe5 d6 4. Nf3 Nxe4 5. d3 Nf6 6. d4 d5 7. Bd3 Bd6 8. h3 O-O 9. O-O h6 10. Nc3 c6 {C01: French: Exchange Variation} 11. Ne5 {LiveBook: 3 Games} c5 12. Nb5 cxd4 $146 {The position is equal.} (12... Be7 {feels hotter.} 13. dxc5 Bxc5 14. c3 a6 15. Nd4 Bd6) ({Predecessor:} 12... Be7 13. dxc5 Bxc5 14. Bf4 a6 15. Nc3 Nc6 16. Qd2 d4 17. Ne2 Re8 18. Nxc6 bxc6 {½-½ (37) Fressinet,L (2668)-Bacrot,E (2696) Balagna 2017}) 13. Nxd6 Qxd6 14. Bf4 {Hoping for Ng6.} Re8 15. Re1 Qb6 16. Qd2 Bd7 (16... Na6 $11) 17. Bxh6 $14 {Black must now prevent Qg5.} gxh6 18. Qxh6 {Ng4 is the strong threat.} Ne4 $1 19. Qh5 Qf6 20. Bxe4 dxe4 21. Rxe4 Be6 $2 {[#]} ({Better is} 21... Kf8 $14) 22. Ng4 $1 $18 {[%cal Rg4f6]} Qg7 23. Nh6+ Kf8 24. Qc5+ Re7 25. Nf5 Qf6 26. Nxe7 $40 {[%mdl 128] White wants a kill.} Qxe7 $2 (26... Nd7 27. Qc7 (27. Qxd4 Qxd4 28. Rxd4 Kxe7 $18) 27... Qxe7 28. Rxd4 (28. Qxb7 Rb8 $18) 28... Nf6) 27. Qxd4 {[%cal Rd4h8]} Ke8 28. Rh4 {[%cal Be4h4,Bh4h8,Bh8f8][%mdl 32]} Nd7 29. Rh8+ Nf8 30. Rd1 {Strongly threatening Qa4+.} a6 31. a4 {[%cal Ba2a4,Ba4a5][%mdl 32]} Rc8 32. a5 Rxc2 $2 {[#]} (32... Qc5 $18 33. Qd2 Qe5) 33. Rxf8+ $1 {[%mdl 512] Precision: White = 88%, Black = 32%.} 1-0

[Event "9th Beirut Open 2017"]
[Site "Beirut"]
[Date "2017.10.03"]
[Round "5"]
[White "Habash, Mohamad"]
[Black "Tarraf, Tarraf"]
[Result "1-0"]
[WhiteElo "1834"]
[BlackElo "1653"]
[Annotator "NA RC"]
[PlyCount "86"]
[EventDate "2017.??.??"]
[EventCountry "LBN"]
[SourceTitle "playchess.com"]
[Source "ChessBase"]
[SourceQuality "1"]
[TimeControl "5400+30"]

1. Nf3 Nf6 2. g3 e6 3. Bg2 d5 4. b3 Bd6 5. Bb2 Nbd7 6. d3 O-O 7. O-O c6 8. Nbd2 e5 9. e4 Re8 10. Re1 d4 11. a4 Bb4 12. Rf1 Nf8 13. h3 Ng6 14. Rc1 Be6 15. Ng5 Qa5 16. Nb1 Rad8 17. Nxe6 Rxe6 18. f4 Ree8 19. f5 Nf8 20. Ba3 c5 21. Bxb4 cxb4 22. Nd2 Qc7 23. g4 N6d7 24. g5 g6 25. f6 Ne6 26. Qg4 Nf4 27. Qh4 Qd6 28. Bf3 h5 29. Nc4 Qc7 30. a5 b5 31. axb6 axb6 32. Bg4 b5 33. Rxf4 exf4 34. Bxh5 gxh5 35. Qxh5 Qc5 36. e5 bxc4 37. g6 Nxf6 38. gxf7+ Kf8 39. Qh8+ Kxf7 40. Qxf6+ Kg8 41. Kf2 Qf8 42. Rg1+ Kh7 43. Qg6+ Kh8 1-0

[Event "9th Beirut Open 2017"]
[Site "Beirut"]
[Date "2017.10.03"]
[Round "5"]
[White "Saad, Charbel"]
[Black "El Saleh, Riham"]
[Result "1-0"]
[WhiteElo "1795"]
[BlackElo "1466"]
[Annotator "NA RC"]
[PlyCount "63"]
[EventDate "2017.??.??"]
[EventCountry "LBN"]
[SourceTitle "playchess.com"]
[Source "ChessBase"]
[SourceQuality "1"]
[TimeControl "5400+30"]

1. e4 c5 2. Nf3 Nc6 3. d4 cxd4 4. Nxd4 g6 5. Nc3 Bg7 6. Be3 Nf6 7. Bc4 O-O 8. Qd2 Ng4 9. O-O-O Nxe3 10. fxe3 Na5 11. Be2 d6 12. h4 h6 13. g4 Bd7 14. Nd5 Re8 15. Rdf1 Rc8 16. g5 h5 17. Bd1 Nc4 18. Qf2 Rf8 19. c3 Bc6 20. Rh2 Ne5 21. Kb1 Bd7 22. Rg2 Nd3 23. Qe2 Nc5 24. Qf3 Bg4 25. Rxg4 hxg4 26. Qxg4 Nd7 27. h5 Ne5 28. Qh3 f6 29. Qe6+ Kh7 30. hxg6+ Kxg6 31. Nxe7+ Kxg5 32. Rg1+ 1-0

[Event "9th Beirut Open 2017"]
[Site "Beirut"]
[Date "2017.10.03"]
[Round "5"]
[White "Said, Riad"]
[Black "Khallouf, Abdallah"]
[Result "0-1"]
[WhiteElo "1793"]
[BlackElo "1530"]
[Annotator "NA RC"]
[PlyCount "77"]
[EventDate "2017.??.??"]
[EventCountry "LBN"]
[SourceTitle "playchess.com"]
[Source "ChessBase"]
[SourceQuality "1"]
[TimeControl "5400+30"]

1. d4 d5 2. c4 c6 3. Nc3 Nf6 4. Nf3 Bf5 5. Bg5 e6 6. e3 Nbd7 7. cxd5 exd5 8. Bd3 Bg6 9. O-O Be7 10. Bxg6 hxg6 11. Re1 Ne4 12. Bxe7 Qxe7 13. Qb3 Qd6 14. h3 Rb8 15. Nxe4 dxe4 16. Nd2 Nf6 17. Qc2 Qe6 18. Qc5 b6 19. Qe5 Qxe5 20. dxe5 Nd7 21. e6 Nc5 22. exf7+ Kxf7 23. Red1 Rbe8 24. b4 Nd3 25. Nxe4 Rxe4 26. Rxd3 Rxb4 27. Rd7+ Ke6 28. Rad1 Rb1 29. R7d6+ Ke7 30. Kf1 Rxd1+ 31. Rxd1 g5 32. e4 c5 33. Rd5 Rc8 34. Ke2 a5 35. Kd2 b5 36. Kc2 a4 37. f4 Ke6 38. Kd3 c4+ 39. Kc2 0-1

[Event "9th Beirut Open 2017"]
[Site "Beirut"]
[Date "2017.10.03"]
[Round "5"]
[White "Moughames, Ronald"]
[Black "Khoder, Akram"]
[Result "1-0"]
[WhiteElo "1769"]
[BlackElo "1547"]
[Annotator "NA RC"]
[PlyCount "67"]
[EventDate "2017.??.??"]
[EventCountry "LBN"]
[SourceTitle "playchess.com"]
[Source "ChessBase"]
[SourceQuality "1"]
[TimeControl "5400+30"]

1. e4 c5 2. Nf3 d6 3. d4 cxd4 4. Nxd4 Nc6 5. Nc3 Nf6 6. Bc4 Qb6 7. Nb3 Ne5 8. Be3 Qc7 9. Bb5+ Bd7 10. h3 Rc8 11. Qe2 a5 12. Bd3 Nc4 13. Bc1 Be6 14. Nd4 Bd7 15. O-O g6 16. Nd5 Nxd5 17. exd5 Bg7 18. Re1 O-O 19. c3 Qc5 20. Bxc4 Qxc4 21. Qf3 Rfe8 22. Bg5 Bxd4 23. cxd4 e6 24. Qf6 Qxd4 25. Qxd4 e5 26. Qh4 h5 27. Bf6 Rc2 28. Qg5 Kh7 29. g4 Rc4 30. gxh5 Bxh3 31. hxg6+ fxg6 32. f3 Rc2 33. Qh4+ Kg8 34. Qh8+ 1-0

[Event "9th Beirut Open 2017"]
[Site "Beirut"]
[Date "2017.10.03"]
[Round "5"]
[White "Kaloust, Giorgio"]
[Black "Fakhoury, Dory"]
[Result "1-0"]
[WhiteElo "1764"]
[BlackElo "1402"]
[Annotator "NA RC"]
[PlyCount "60"]
[EventDate "2017.??.??"]
[EventCountry "LBN"]
[SourceTitle "playchess.com"]
[Source "ChessBase"]
[SourceQuality "1"]
[TimeControl "5400+30"]

1. d4 Nf6 2. c4 c5 3. d5 b5 4. cxb5 a6 5. b6 Qxb6 6. Nc3 d6 7. e4 g6 8. Be2 Bg7 9. Nf3 Qb4 10. a3 Qa5 11. O-O Bb7 12. Nd2 O-O 13. Nc4 Qc7 14. a4 Nbd7 15. a5 Rfd8 16. Bf4 Ne5 17. Bxe5 dxe5 18. Qc2 e6 19. dxe6 fxe6 20. Rfd1 Rd4 21. f3 Bc6 22. Nb6 Ra7 23. Bc4 Bd7 24. Ne2 Bh6 25. Nxd4 Be3+ 26. Kh1 Bxd4 27. Qb3 Kf7 28. Rac1 Ne8 29. Be2 Nd6 30. Qa2 Nc8 1-0

[Event "9th Beirut Open 2017"]
[Site "Beirut"]
[Date "2017.10.03"]
[Round "5"]
[White "Jabr, Bernard"]
[Black "Arcadan, Adib"]
[Result "0-1"]
[WhiteElo "1721"]
[BlackElo "1346"]
[Annotator "NA RC"]
[PlyCount "44"]
[EventDate "2017.??.??"]
[EventCountry "LBN"]
[SourceTitle "playchess.com"]
[Source "ChessBase"]
[SourceQuality "1"]
[TimeControl "5400+30"]

1. e4 c5 2. d4 cxd4 3. c3 e6 4. cxd4 Nf6 5. Bd3 Nc6 6. Nf3 Bb4+ 7. Nc3 h6 8. O-O O-O 9. h3 Re8 10. a3 Bxc3 11. bxc3 b6 12. e5 Nh7 13. Bc2 Ba6 14. Re1 Ne7 15. Bd2 Rc8 16. Qc1 Bb7 17. Be4 Bxe4 18. Rxe4 f5 19. exf6 Nxf6 20. Re2 Ned5 21. Bxh6 Nxc3 22. Rc2 Ne2+ 0-1

[Event "9th Beirut Open 2017"]
[Site "Beirut"]
[Date "2017.10.03"]
[Round "5"]
[White "Fawaz, Kassem"]
[Black "Saeed, Riad"]
[Result "0-1"]
[WhiteElo "1719"]
[BlackElo "1685"]
[Annotator "NA RC"]
[PlyCount "49"]
[EventDate "2017.??.??"]
[EventCountry "LBN"]
[SourceTitle "playchess.com"]
[Source "ChessBase"]
[SourceQuality "1"]
[TimeControl "5400+30"]

1. d4 d6 2. e4 Nf6 3. Nc3 g6 4. h3 Bg7 5. Nf3 O-O 6. Be3 a6 7. a4 h6 8. Be2 Nc6 9. O-O e5 10. dxe5 dxe5 11. Qxd8 Rxd8 12. Rfd1 Be6 13. Rxd8+ Rxd8 14. Rd1 Rxd1+ 15. Bxd1 Ne8 16. Nd2 Nd4 17. Ne2 Bd7 18. f3 f5 19. c3 Ne6 20. Bc2 f4 21. Bf2 Kf7 22. c4 b6 23. Nc3 Nd4 24. Bxd4 exd4 25. Nd5 0-1

[Event "9th Beirut Open 2017"]
[Site "Beirut"]
[Date "2017.10.03"]
[Round "5"]
[White "Khalili, Moustafa"]
[Black "Ghassan, Houmsi"]
[Result "0-1"]
[WhiteElo "1712"]
[BlackElo "1841"]
[Annotator "NA RC"]
[PlyCount "95"]
[EventDate "2017.??.??"]
[EventCountry "LBN"]
[SourceTitle "playchess.com"]
[Source "ChessBase"]
[SourceQuality "1"]
[TimeControl "5400+30"]

1. e4 c5 2. Nf3 d6 3. d4 cxd4 4. Nxd4 Nf6 5. Nc3 a6 6. Be3 e5 7. Nf3 Be7 8. h3 Qc7 9. Be2 O-O 10. O-O Be6 11. a4 Nbd7 12. a5 Rac8 13. Bd3 Nc5 14. Qe2 d5 15. exd5 Nxd5 16. Nxd5 Bxd5 17. Bxc5 Bxf3 18. Qxf3 Bxc5 19. Ra4 g6 20. Re1 Rfd8 21. Qf6 Rd4 22. Rxd4 Bxd4 23. c3 Qxa5 24. b4 Qb6 25. Qxb6 Bxb6 26. c4 Bd4 27. Rc1 b6 28. Be4 Rc7 29. Kf1 Kf8 30. Ke2 Ke7 31. f3 a5 32. b5 a4 33. Bb1 a3 34. Ba2 f5 35. Kd3 Bb2 36. Rc2 Rd7+ 37. Ke2 Bd4 38. Rd2 Bc5 39. Rxd7+ Kxd7 40. Kd3 Ke6 41. Bb1 Kf6 42. g3 h5 43. Ba2 Kg5 44. Bb1 h4 45. g4 e4+ 46. fxe4 fxg4 47. e5 gxh3 48. e6 0-1

[Event "9th Beirut Open 2017"]
[Site "Beirut"]
[Date "2017.10.03"]
[Round "5"]
[White "Mikati, Hani"]
[Black "Wafa, Shahenda"]
[Result "0-1"]
[WhiteElo "1693"]
[BlackElo "2150"]
[Annotator "TA"]
[PlyCount "70"]
[EventDate "2017.??.??"]
[EventCountry "LBN"]
[SourceTitle "playchess.com"]
[Source "ChessBase"]
[SourceQuality "1"]

{[%evp 9,70,-14,0,-79,-39,-91,-11,-14,25,23,25,35,35,28,101,110,105,6,18,12,10,12,10,-36,-36,-62,-49,-97,-93,-197,-170,-162,-159,-197,-185,-189,-184,-229,-226,-366,-368,-339,-304,-911,-884,-1198,-1157,-29981,-29982,-29992,-29975,-5585,-4679,-2130,-1379,-1378,-1378,-1370,-1377,-1345,-1335,-1297,-1270]} 1. e4 c5 2. f4 g6 3. c3 Bg7 4. Nf3 Nc6 5. Bc4 e6 6. d4 {B21: Sicilian: 2 f4 and Morra Gambit} (6. Be2 $11) (6. Qe2 Nge7 7. d3 O-O 8. Na3 d5 9. Bb3 b6 10. O-O Qd7 11. e5 Rd8 12. Nb5 Nxe5 13. fxe5 Qxb5 {1-0 (47) Krol,W (2388)-Grochowski,M (2252) ICCF email 2010}) 6... cxd4 7. cxd4 (7. Nxd4 $15 d5 8. Nxc6 bxc6 9. Bd3) 7... Qb6 $146 (7... d5 $17 8. exd5 exd5) ({Predecessor:} 7... d5 8. exd5 exd5 9. Bb3 Bg4 10. Nc3 Nge7 {0-1 (32) Zukauskas,A (1760)-Vanagaite,G (2044) Palanga 2014}) 8. e5 $11 {The position is equal.} Qb4+ 9. Nbd2 d5 10. a3 Qb6 11. Bd3 Nxd4 (11... Nge7 $11 {remains equal.}) 12. Nxd4 $16 ({Stronger than} 12. Qa4+ Nc6 $17) 12... Qxd4 {[#]} 13. Nf3 ({Better is} 13. Ne4 $1 $16 {[%mdl 512]} Kf8 (13... dxe4 14. Bb5+) 14. Nd6) 13... Qb6 14. Qe2 Bd7 15. Be3 Qd8 16. h4 h5 17. Ng5 Nh6 {[%cal Bg8h6,Bh6g4,Bg4e3,Be3d1][%mdl 32]} 18. Bc5 Rc8 19. Bd6 (19. Bd4 $17 {was the only chance.}) 19... Bf8 20. Bxf8 Kxf8 ({Much less strong is} 20... Rxf8 21. Nh7 $15) 21. O-O Ng4 22. Kh1 Kg7 23. Rac1 Qb6 24. b4 (24. Rce1 {keeps fighting.}) 24... Qd4 {Threatens to win with ...Rxc1.} 25. Rcd1 Ne3 26. Bb5 $2 (26. Qf2 Qb6 27. Qg3 Nxf1 28. Rxf1) 26... Bxb5 $19 27. Qxb5 Nxd1 28. Qxb7 Nf2+ 29. Kg1 Ne4+ 30. Kh2 Nxg5 {Black is clearly winning.} 31. fxg5 Qxh4+ 32. Kg1 Qd4+ 33. Kh1 Rhf8 34. Qe7 Qxe5 35. b5 Rc4 {Precision: White = 32%, Black = 67%.} 0-1

[Event "9th Beirut Open 2017"]
[Site "Beirut"]
[Date "2017.10.03"]
[Round "5"]
[White "Iaali, Abdelrahman"]
[Black "Djikerian, Rafi"]
[Result "0-1"]
[WhiteElo "1670"]
[BlackElo "1835"]
[Annotator "NA RC"]
[PlyCount "86"]
[EventDate "2017.??.??"]
[EventCountry "LBN"]
[SourceTitle "playchess.com"]
[Source "ChessBase"]
[SourceQuality "1"]
[TimeControl "5400+30"]

1. e4 c5 2. Nf3 e6 3. d3 Nc6 4. g3 Nf6 5. Bg2 d5 6. Qe2 dxe4 7. dxe4 e5 8. Nc3 Bg4 9. Qb5 Bxf3 10. Bxf3 Qd7 11. Be3 a6 12. Qa4 Nd4 13. Qxd7+ Nxd7 14. Bxd4 cxd4 15. Nd5 Rc8 16. Rc1 Nf6 17. O-O Nxd5 18. exd5 f5 19. Rfe1 e4 20. Bxe4 fxe4 21. Rxe4+ Kd7 22. Rxd4 Bc5 23. Rg4 g6 24. b4 Bd6 25. a3 b5 26. Re4 Rc3 27. Re3 Rhc8 28. Rce1 Rxe3 29. fxe3 Rxc2 30. e4 Be5 31. Rf1 Ke7 32. Rf3 Re2 33. Rd3 Rxe4 34. Kf2 Kd6 35. h3 Rd4 36. Rf3 Kxd5 37. Ke3 Kc4 38. Ke2 Re4+ 39. Kd2 Bg7 40. Kc2 Re2+ 41. Kb1 Bc3 42. Rf1 Kb3 43. g4 Ra2 0-1

[Event "9th Beirut Open 2017"]
[Site "Beirut"]
[Date "2017.10.03"]
[Round "5"]
[White "Lakhoyan, Hrag"]
[Black "Hanna, Elie"]
[Result "1-0"]
[WhiteElo "1582"]
[BlackElo "1778"]
[Annotator "NA RC"]
[PlyCount "121"]
[EventDate "2017.??.??"]
[EventCountry "LBN"]
[SourceTitle "playchess.com"]
[Source "ChessBase"]
[SourceQuality "1"]
[TimeControl "5400+30"]

1. d4 Nf6 2. Bf4 d5 3. e3 e6 4. c3 Be7 5. Nf3 Nbd7 6. Bd3 c5 7. Nbd2 cxd4 8. exd4 Qa5 9. O-O b5 10. Ne5 Qb6 11. Ndf3 Bb7 12. Nxd7 Nxd7 13. Ne5 Nxe5 14. Bxe5 f6 15. Bg3 f5 16. Re1 O-O 17. Be5 Bf6 18. Qh5 Bxe5 19. Rxe5 Rf6 20. Rae1 Raf8 21. Qe2 Bc8 22. Bxb5 a6 23. Bd3 Bd7 24. a3 a5 25. c4 Qxd4 26. cxd5 Rb8 27. dxe6 Rxb2 28. Qe3 Qxe3 29. R5xe3 Be8 30. e7 g6 31. Re5 a4 32. Rd5 Rfb6 33. h3 Kg7 34. Rd8 Rb8 35. Rc1 R2b7 36. Ba6 Rb1 37. Kh2 Rxc1 38. Rxb8 Kf7 39. Bb5 Bxb5 40. Rxb5 Kxe7 41. Rb4 Rc2 42. f3 Kf6 43. Rxa4 Kg5 44. Kg3 Ra2 45. f4+ Kh5 46. Ra7 h6 47. Kf3 Rb2 48. Re7 Ra2 49. Ra7 Ra1 50. a4 Rf1+ 51. Kg3 Ra1 52. a5 Ra3+ 53. Kh2 Ra2 54. a6 Rf2 55. Kg3 Ra2 56. Ra8 Ra3+ 57. Kh2 Ra2 58. a7 Kh4 59. Rh8 h5 60. a8=Q Rf2 61. Qd8+ 1-0

[Event "9th Beirut Open 2017"]
[Site "Beirut"]
[Date "2017.10.03"]
[Round "5"]
[White "Kassar, Paul"]
[Black "Khairallah, Ralph"]
[Result "0-1"]
[WhiteElo "1480"]
[BlackElo "1814"]
[Annotator "NA RC"]
[PlyCount "118"]
[EventDate "2017.??.??"]
[EventCountry "LBN"]
[SourceTitle "playchess.com"]
[Source "ChessBase"]
[SourceQuality "1"]
[TimeControl "5400+30"]

1. e4 e6 2. d4 d5 3. e5 c5 4. c3 Nc6 5. Nf3 Qb6 6. a4 a5 7. Bb5 Bd7 8. Bxc6 bxc6 9. O-O cxd4 10. cxd4 Ne7 11. Nbd2 Nf5 12. Nb3 Rb8 13. Nc5 Bxc5 14. dxc5 Qxc5 15. Ra3 Qb6 16. Rc3 O-O 17. Re1 Qb4 18. Qc2 Rfc8 19. h3 c5 20. b3 Rb7 21. Bd2 Qb6 22. Rc1 Rbc7 23. Be3 Nxe3 24. fxe3 h6 25. Nd4 c4 26. Rb1 cxb3 27. Rbxb3 Rxc3 28. Rxc3 Rxc3 29. Qxc3 Bxa4 30. Qa3 Qb4 31. Qa1 Bd7 32. Nc2 Qb6 33. Nd4 Qc5 34. Kh2 a4 35. Kg3 Qb4 36. Kf3 a3 37. Nc2 Qe4+ 38. Kg3 Qxc2 39. Qxa3 Qe4 40. Qc3 Qc4 41. Qa3 Ba4 42. Qa1 Bc2 43. Qd4 Qxd4 44. exd4 Kh7 45. Kf4 g5+ 46. Kg3 Kg6 47. h4 Kf5 48. hxg5 hxg5 49. Kf3 Bd1+ 50. Ke3 Kg4 51. Kf2 Kf4 52. g3+ Ke4 53. Ke1 Bb3 54. Kd2 Kxd4 55. Ke2 Kc3 56. g4 d4 57. Ke1 d3 58. Kf2 d2 59. Kg3 d1=Q 0-1

[Event "9th Beirut Open 2017"]
[Site "Beirut"]
[Date "2017.10.03"]
[Round "5"]
[White "Fakoua, Khalil"]
[Black "Abdo, Moussa"]
[Result "1/2-1/2"]
[WhiteElo "1383"]
[BlackElo "1753"]
[Annotator "NA RC"]
[PlyCount "67"]
[EventDate "2017.??.??"]
[EventCountry "LBN"]
[SourceTitle "playchess.com"]
[Source "ChessBase"]
[SourceQuality "1"]
[TimeControl "5400+30"]

1. d4 Nf6 2. Bf4 d5 3. Nf3 e6 4. a3 Be7 5. e3 O-O 6. Bd3 c5 7. c4 Nc6 8. Ne5 cxd4 9. Nxc6 bxc6 10. exd4 c5 11. Be3 dxc4 12. Bxc4 cxd4 13. Qxd4 Qxd4 14. Bxd4 Rd8 15. Bc3 Bb7 16. O-O Rac8 17. Be2 Be4 18. Rc1 Nd5 19. Bd2 Rxc1+ 20. Bxc1 Rc8 21. Nd2 Bg6 22. Nc4 Bf6 23. Bd2 Nb6 24. Nxb6 axb6 25. Rc1 Rxc1+ 26. Bxc1 Bd4 27. Kf1 Be4 28. f3 Bc6 29. Bd3 Be5 30. h3 Bd4 31. Ke2 Ba4 32. Kd2 Be5 33. Bc2 Bf4+ 34. Kd1 1/2-1/2

[Event "9th Beirut Open 2017"]
[Site "Beirut"]
[Date "2017.10.03"]
[Round "5"]
[White "Elghazzawi, Omar"]
[Black "Kassas, Mohamad"]
[Result "0-1"]
[WhiteElo "1332"]
[BlackElo "1633"]
[Annotator "NA RC"]
[PlyCount "64"]
[EventDate "2017.??.??"]
[EventCountry "LBN"]
[SourceTitle "playchess.com"]
[Source "ChessBase"]
[SourceQuality "1"]
[TimeControl "5400+30"]

1. e4 c6 2. d4 d5 3. Nc3 h6 4. Nf3 Bg4 5. Be2 e6 6. h3 Bh5 7. a3 Bg6 8. e5 c5 9. O-O Nc6 10. Be3 cxd4 11. Bxd4 Nxd4 12. Nxd4 Bc5 13. Bb5+ Ke7 14. Nb3 Bb6 15. Na4 Rc8 16. Bd3 Bxd3 17. Qxd3 Qc7 18. Nxb6 Qxb6 19. Rac1 h5 20. Kh1 Nh6 21. f4 Nf5 22. a4 a5 23. Rf3 Rc4 24. Ra1 Rhc8 25. g4 hxg4 26. hxg4 Nh6 27. Qh7 Nxg4 28. Qxg7 Nf2+ 29. Kg2 Ne4 30. f5 Rxc2+ 31. Kh3 exf5 32. Rxf5 Qe3+ 0-1